[Event "Asker Autumn Master"]
[Site "Asker"]
[Date "2017.09.25"]
[Round "4"]
[White "Rostad, Rolf"]
[Black "Aulin Jansson, Joran"]
[Result "0-1"]
[WhiteElo "1761"]
[BlackElo "2270"]
[PlyCount "54"]
[EventDate "2017.08.28"]
[EventType "swiss"]
[EventRounds "9"]
[EventCountry "NOR"]
[SourceTitle "EXT 2024"]
[Source "ChessBase"]
[SourceDate "2023.10.10"]
[SourceVersion "1"]
[SourceVersionDate "2023.10.10"]
[SourceQuality "1"]

1. e4 c5 2. Nf3 d6 3. d4 cxd4 4. Nxd4 Nf6 5. Nc3 a6 6. Be2 e5 7. Nb3 Be7 8. Be3 0-0 9. 0-0 b5 10. Qd2 Bb7 11. f3 Nbd7 12. Nd1 d5 13. Na5 Qc7 14. Nxb7 Qxb7 15. exd5 Nxd5 16. Bf2 Rfd8 17. Bd3 Nc5 18. Bf5 g6 19. Bh3 Nf4 20. Qe1 Nxh3+ 21. gxh3 Qxf3 22. Be3 Qd5 23. Nc3 Qe6 24. Qf2 Rac8 25. a3 f5 26. Rae1 Qc4 27. Qg3 Bh4 0-1

[Event "Asker CC-ch Class A"]
[Site "Asker"]
[Date "2017.02.13"]
[Round "4"]
[White "Rostad, Rolf"]
[Black "Lovberget, Erik"]
[Result "1-0"]
[WhiteElo "1777"]
[BlackElo "1469"]
[PlyCount "55"]
[EventDate "2017.01.09"]
[EventType "swiss"]
[EventRounds "9"]
[EventCountry "NOR"]
[SourceTitle "EXT 2024"]
[Source "ChessBase"]
[SourceDate "2023.10.10"]
[SourceVersion "1"]
[SourceVersionDate "2023.10.10"]
[SourceQuality "1"]

1. e4 e5 2. Nf3 Nc6 3. d4 exd4 4. Nxd4 Bc5 5. Be3 Qf6 6. c3 Nge7 7. Qd2 Qg6 8. f3 Bb6 9. Nb5 Ba5 10. N1a3 a6 11. Nd4 Bb6 12. Nc4 Ba7 13. Bd3 f6 14. Nxc6 Bxe3 15. Nxe3 dxc6 16. Bc4 b5 17. Bb3 Bd7 18. Qd4 Nc8 19. 0-0 Nb6 20. Nf5 Nc4 21. Bxc4 bxc4 22. Qxc4 Qf7 23. Qc5 g6 24. Nd4 Qe7 25. Qa5 c5 26. Nb3 Bb5 27. Rf2 0-0 28. Qa3 1-0

[Event "Asker CC-ch Class A"]
[Site "Asker"]
[Date "2017.02.06"]
[Round "3"]
[White "Leonhardsen, Vebjorn Maanum"]
[Black "Rostad, Rolf"]
[Result "0-1"]
[WhiteElo "1247"]
[BlackElo "1777"]
[PlyCount "78"]
[EventDate "2017.01.09"]
[EventType "swiss"]
[EventRounds "9"]
[EventCountry "NOR"]
[SourceTitle "EXT 2024"]
[Source "ChessBase"]
[SourceDate "2023.10.10"]
[SourceVersion "1"]
[SourceVersionDate "2023.10.10"]
[SourceQuality "1"]

1. e4 d6 2. Nf3 Nf6 3. Nc3 g6 4. h3 Bg7 5. Bd3 0-0 6. 0-0 Nbd7 7. Bc4 c6 8. d3 b5 9. Bb3 Nc5 10. Be3 Nxb3 11. cxb3 Bb7 12. Qd2 Qd7 13. Bh6 Rfd8 14. Bxg7 Kxg7 15. Rfd1 e5 16. b4 Qe7 17. a3 a6 18. Qg5 h6 19. Qg3 Nh5 20. Qh4 f6 21. Ne2 Qf7 22. g4 Nf4 23. Nxf4 exf4 24. Nd4 c5 25. bxc5 dxc5 26. Ne2 g5 27. Qh5 Qb3 28. Nxf4 gxf4 29. Qxc5 Qe6 30. Qc7+ Rd7 31. Qxf4 Rad8 32. f3 Rxd3 33. Rxd3 Rxd3 34. Qc7+ Rd7 35. Qc3 Qd6 36. Kg2 Qf4 37. Rf1 Bxe4 38. Rf2 Rd3 39. Qc2 Rxf3 0-1

[Event "Asker Autumn A"]
[Site "Asker"]
[Date "2016.09.19"]
[Round "3"]
[White "Rostad, Rolf"]
[Black "Grondahl, Jan Robert"]
[Result "1-0"]
[WhiteElo "1823"]
[BlackElo "1229"]
[PlyCount "61"]
[EventDate "2016.08.29"]
[EventType "swiss"]
[EventRounds "9"]
[EventCountry "NOR"]
[SourceTitle "EXT 2024"]
[Source "ChessBase"]
[SourceDate "2023.10.10"]
[SourceVersion "1"]
[SourceVersionDate "2023.10.10"]
[SourceQuality "1"]

1. e4 e5 2. Nf3 Nc6 3. d4 exd4 4. Nxd4 Nf6 5. Nc3 Bb4 6. Nxc6 bxc6 7. Bd2 d6 8. Bd3 Bg4 9. Ne2 Bc5 10. 0-0 Rb8 11. Bc3 0-0 12. Qd2 Bxe2 13. Qxe2 Re8 14. Qf3 Re6 15. b3 Bb4 16. Bb2 Bd2 17. Rad1 Bh6 18. Bc4 Rxe4 19. Bxf6 Qxf6 20. Qxe4 d5 21. Bxd5 cxd5 22. Qxd5 c6 23. Qd6 Qxd6 24. Rxd6 Rc8 25. Rfd1 Bf4 26. Rd7 a6 27. Ra7 Re8 28. Kf1 g6 29. Rxa6 Re6 30. a4 Rf6 31. Rd3 1-0

[Event "NOR-ch Seniors-A"]
[Site "Oslo"]
[Date "2015.07.08"]
[Round "6"]
[White "Rostad, Rolf"]
[Black "Reppen, Tore"]
[Result "1/2-1/2"]
[WhiteElo "1654"]
[BlackElo "1466"]
[PlyCount "64"]
[EventDate "2015.07.04"]
[EventType "swiss"]
[EventRounds "9"]
[EventCountry "NOR"]
[SourceTitle "EXT 2017"]
[Source "ChessBase"]
[SourceDate "2016.10.25"]
[SourceVersion "1"]
[SourceVersionDate "2016.10.25"]
[SourceQuality "1"]

1. e4 g6 2. d4 Bg7 3. Nf3 d6 4. Bc4 Nf6 5. Nc3 0-0 6. Bb3 Bg4 7. Be3 Nbd7 8. h3 Bxf3 9. Qxf3 c6 10. 0-0-0 Qa5 11. Kb1 Qc7 12. Ne2 a5 13. c3 b5 14. Rc1 Rfc8 15. g4 a4 16. Bd1 c5 17. h4 cxd4 18. cxd4 Qb7 19. Ng3 Rxc1+ 20. Bxc1 Rb8 21. g5 Ne8 22. Qd3 Nc7 23. f4 e6 24. h5 Qc6 25. hxg6 hxg6 26. f5 exf5 27. exf5 gxf5 28. Qxf5 Nf8 29. Bf3 Qc4 30. Ne4 Qe6 31. Qxe6 fxe6 32. Nxd6 Bxd4 1/2-1/2

[Event "Asker CC-ch"]
[Site "Asker"]
[Date "2015.04.13"]
[Round "7"]
[White "Rostad, Rolf"]
[Black "Aulin Jansson, Joran"]
[Result "0-1"]
[WhiteElo "1807"]
[BlackElo "2181"]
[PlyCount "58"]
[EventDate "2015.01.12"]
[EventType "tourn"]
[EventRounds "9"]
[EventCountry "NOR"]
[SourceTitle "EXT 2018"]
[Source "ChessBase"]
[SourceDate "2017.10.13"]
[SourceVersion "1"]
[SourceVersionDate "2017.10.13"]
[SourceQuality "1"]

1. e4 e5 2. Nf3 Nc6 3. Bb5 a6 4. Ba4 Nf6 5. 0-0 b5 6. Bb3 Be7 7. Re1 Bb7 8. c3 d5 9. d3 dxe4 10. dxe4 0-0 11. Nbd2 Bc5 12. h3 Qe7 13. Nf1 Rad8 14. Qe2 Na5 15. Bc2 Nc4 16. Ng3 Rfe8 17. b3 Nd6 18. Bb2 Nd7 19. Rad1 f6 20. Nh4 g6 21. Bc1 Nf8 22. Qg4 Qg7 23. Be3 Bxe3 24. Rxe3 Bc8 25. Qe2 Ne6 26. Qe1 Nf4 27. Kh2 Qh6 28. Nf3 Bxh3 29. Kg1 Nxg2 0-1

[Event "Asker CC-ch"]
[Site "Asker"]
[Date "2015.01.12"]
[Round "1"]
[White "Lindblom, Roar"]
[Black "Rostad, Rolf"]
[Result "1/2-1/2"]
[WhiteElo "1827"]
[BlackElo "1807"]
[PlyCount "69"]
[EventDate "2015.01.12"]
[EventType "tourn"]
[EventRounds "9"]
[EventCountry "NOR"]
[SourceTitle "EXT 2018"]
[Source "ChessBase"]
[SourceDate "2017.10.13"]
[SourceVersion "1"]
[SourceVersionDate "2017.10.13"]
[SourceQuality "1"]

1. d4 e6 2. c4 d5 3. Nc3 Nf6 4. cxd5 exd5 5. Bg5 Be7 6. Qc2 c6 7. e3 Nbd7 8. Bd3 h6 9. Bh4 Nh5 10. Bxe7 Qxe7 11. Nge2 Nb6 12. 0-0 0-0 13. Ng3 Nxg3 14. hxg3 Be6 15. a3 c5 16. dxc5 Qxc5 17. Rfd1 Rac8 18. Rac1 Rfd8 19. Ne2 Qxc2 20. Bxc2 Nc4 21. Bb3 Nxb2 22. Rxc8 Rxc8 23. Rd4 Nc4 24. a4 Rc5 25. Nf4 a6 26. e4 Ne5 27. exd5 Bd7 28. Nd3 Nxd3 29. Rxd3 b5 30. axb5 Bxb5 31. d6 Rc8 32. Rf3 Be8 33. d7 Bxd7 34. Rxf7 Rc1+ 35. Kh2 1/2-1/2

[Event "Asker CC-ch"]
[Site "Asker"]
[Date "2014.03.03"]
[Round "3"]
[White "Aulin Jansson, Joran"]
[Black "Rostad, Rolf"]
[Result "1-0"]
[WhiteElo "2162"]
[BlackElo "1706"]
[PlyCount "49"]
[EventDate "2014.01.13"]
[EventType "swiss"]
[EventRounds "9"]
[EventCountry "NOR"]
[SourceTitle "EXT 2017"]
[Source "ChessBase"]
[SourceDate "2016.10.25"]
[SourceVersion "1"]
[SourceVersionDate "2016.10.25"]
[SourceQuality "1"]

1. e4 d6 2. d4 Nf6 3. Nc3 g6 4. Bg5 Bg7 5. f3 c6 6. Bc4 Nbd7 7. Qd2 b5 8. Bb3 a5 9. a4 Ba6 10. Nge2 b4 11. Nd1 Nb6 12. Ne3 c5 13. c3 c4 14. Bd1 b3 15. 0-0 Qd7 16. Qe1 0-0 17. Qh4 Rfc8 18. Ng3 Nxa4 19. e5 dxe5 20. dxe5 Ne8 21. Rxa4 Qxa4 22. Bxe7 Bxe5 23. Ng4 Bxg3 24. Qh6 Qc6 25. Qf8# 1-0